000
00276nam a2200121Ia 4500
008
190216s9999||||xx |||||||||||||| ||und||
100
_a
Scott Meredith
245
0
_a
Best Western Stories
260
_b
Spring Books
_c
1964
300
_a
429p
650
_a
Speeches
942
_c
BK
999
_c
12124
_d
12124